Du rôle de l'idée de l'instant dans la philosophie de Descartes
Saved in:
| Hovedforfatter: | |
|---|---|
| Format: | Bog |
| Sprog: | fransk |
| Udgivet: |
París
J. Vrin
1953
|
| Udgivelse: | 2a. ed |
| Serier: | Bibliothéque d'Histoire de la Philosophie
|
| Fag: | |
| Tags: |
Tilføj Tag
Ingen Tags, Vær først til at tagge denne postø!
|
MARC
| LEADER | 00000nam a2200000 a 4500 | ||
|---|---|---|---|
| 001 | UCZ3735 | ||
| 003 | CL-VaPUC | ||
| 008 | 951027e19530000FR |||||||||||||||||fre|d | ||
| 082 | 0 | 4 | |a 121 |b WAH |2 21 |
| 100 | 0 | |a Wahl, Jean André |e author |9 347583 | |
| 245 | 1 | 0 | |a Du rôle de l'idée de l'instant dans la philosophie de Descartes |
| 250 | |a 2a. ed | ||
| 300 | |a 48 p | ||
| 942 | |c BK | ||
| 945 | |d 19951027 00:00:00 |a cmena | ||
| 260 | |a París |b J. Vrin |c 1953 | ||
| 650 | 0 | |a Teoría del conocimiento |9 255038 | |
| 650 | 0 | |a Filosofía francesa |9 255698 | |
| 650 | 0 | |a Escuelas filosóficas |9 266232 | |
| 583 | |a last modification |c 19951027 00:00:00 |k Rodrigo Vera | ||
| 490 | 0 | |a Bibliothéque d'Histoire de la Philosophie | |
| 999 | |c 240183 |d 240181 | ||
| 952 | |0 0 |1 0 |4 0 |6 121_000000000000000_WAH_1953 |7 0 |8 P |9 251902 |a BIBEDU |b BIBEDU |c BIBEDU_PB |d 2019-11-18 |i 1588354 |o 121 WAH 1953 |p 1588354 |r 2019-11-18 |w 2019-11-18 |y BK |k FIL | ||